000 00225nam a2200085Ia 4500
008 120527s9999 xx 000 0 und d
100 _aBODHOLT, Ole
245 _aConstruction and opearation of small solid wall bins
942 _cBK
999 _c25127
_d25127